[Event "CRO-chT U20 24th"]
[Site "Sv Filip i Jakov"]
[Date "2015.04.03"]
[Round "9.2"]
[White "Ivekovic, Tihana"]
[Black "Kolanovic, David"]
[Result "1-0"]
[WhiteElo "2083"]
[BlackElo "1573"]
[PlyCount "95"]
[EventDate "2015.03.30"]
[EventType "team-tourn"]
[EventRounds "11"]
[EventCountry "CRO"]
[SourceTitle "CBM 165 Extra"]
[Source "ChessBase"]
[SourceDate "2015.04.21"]
[SourceVersion "1"]
[SourceVersionDate "2015.04.21"]
[SourceQuality "1"]

1. d4 d5 2. c4 c6 3. Nc3 Nf6 4. Nf3 e6 5. e3 Nbd7 6. Qc2 Be7 7. Bd3 0-0 8. cxd5 exd5 9. 0-0 Re8 10. Ne5 Qc7 11. f4 c5 12. Qf2 c4 13. Bb1 a6 14. a4 Qa5 15. Bd2 Bb4 16. h3 Bxc3 17. Bxc3 Qc7 18. Qf3 b6 19. g4 Bb7 20. Bf5 Nf8 21. g5 Ne4 22. Bxe4 dxe4 23. Qg3 Bd5 24. f5 Qd6 25. f6 g6 26. a5 b5 27. Qe1 Qe6 28. Kh2 Qc8 29. Qh4 Rxe5 30. dxe5 Ne6 31. Rad1 Qc5 32. Bd4 Qb4 33. Qe1 Qb3 34. Qc3 Qxc3 35. bxc3 Nxg5 36. Bc5 Rd8 37. h4 Ne6 38. Bb4 h5 39. Rd2 Nc7 40. Rfd1 Rd7 41. Bd6 Be6 42. Bxc7 Rxc7 43. Rd8+ Kh7 44. Rb8 Bd7 45. Rd6 Ra7 46. Kg3 Rc7 47. Kf4 Rc6 48. Rxd7 1-0

[Event "CRO-chT U20 24th"]
[Site "Sv Filip i Jakov"]
[Date "2015.04.03"]
[Round "10.6"]
[White "Kolanovic, David"]
[Black "Kolar, Mihael"]
[Result "1-0"]
[WhiteElo "1573"]
[BlackElo "1683"]
[PlyCount "81"]
[EventDate "2015.03.30"]
[EventType "team-tourn"]
[EventRounds "11"]
[EventCountry "CRO"]
[SourceTitle "CBM 165 Extra"]
[Source "ChessBase"]
[SourceDate "2015.04.21"]
[SourceVersion "1"]
[SourceVersionDate "2015.04.21"]
[SourceQuality "1"]

1. d4 d5 2. Nf3 Nf6 3. Bf4 e6 4. e3 c5 5. c3 Nc6 6. Bd3 h6 7. h3 Bd6 8. Bxd6 Qxd6 9. Nbd2 b6 10. 0-0 cxd4 11. exd4 0-0 12. Re1 Nd7 13. Qe2 Bb7 14. Ba6 Bxa6 15. Qxa6 Rfe8 16. Rad1 Rec8 17. Qe2 Na5 18. Ne5 Nxe5 19. Qxe5 Qxe5 20. Rxe5 Nc4 21. Nxc4 Rxc4 22. f4 g6 23. g4 Rc6 24. Rde1 Re8 25. Rxd5 Rc7 26. Rde5 Rd8 27. h4 Kg7 28. f5 exf5 29. gxf5 Rdd7 30. Kf2 Kf6 31. fxg6 fxg6 32. Re6+ Kf7 33. h5 gxh5 34. Rxh6 Kg7 35. Rxh5 Rf7+ 36. Kg2 Kg6 37. Rhe5 Kg7 38. Rf1 Rfd7 39. Rg5+ Kh6 40. Rg3 Rd5 41. Rh1+ 1-0

[Event "CRO-chT U20 24th"]
[Site "Sv Filip i Jakov"]
[Date "2015.03.31"]
[Round "4.3"]
[White "Vrankovic, Ivan"]
[Black "Kolanovic, David"]
[Result "1-0"]
[WhiteElo "2020"]
[BlackElo "1573"]
[PlyCount "101"]
[EventDate "2015.03.30"]
[EventType "team-tourn"]
[EventRounds "11"]
[EventCountry "CRO"]
[SourceTitle "CBM 165 Extra"]
[Source "ChessBase"]
[SourceDate "2015.04.21"]
[SourceVersion "1"]
[SourceVersionDate "2015.04.21"]
[SourceQuality "1"]

1. e4 c5 2. Nf3 Nf6 3. e5 Nd5 4. Nc3 Nxc3 5. dxc3 d5 6. exd6 Qxd6 7. Qxd6 exd6 8. Bc4 Be6 9. Bxe6 fxe6 10. Bf4 Nc6 11. 0-0-0 e5 12. Be3 0-0-0 13. Ng5 Rd7 14. c4 h6 15. Ne4 Be7 16. c3 Rf8 17. Rd5 b6 18. Rhd1 Rfd8 19. g4 Kc7 20. Ng3 Na5 21. b3 Nb7 22. Nf5 Bf8 23. h4 Rf7 24. Ng3 g6 25. Ne2 Re8 26. g5 h5 27. Kd2 a5 28. f4 exf4 29. Nxf4 Rg7 30. Re1 Kc6 31. Bf2 Ree7 32. Rd3 Kd7 33. Bg3 Rxe1 34. Kxe1 Be7 35. Re3 Nd8 36. Nd5 Ne6 37. Nxb6+ Kc6 38. Rxe6 Kxb6 39. Bxd6 Bxd6 40. Rxd6+ Kb7 41. Re6 Rg8 42. Ke2 Rg7 43. Ke3 Kc7 44. Ra6 Re7+ 45. Kf4 Kb7 46. Rxg6 Re2 47. Rf6 Rxa2 48. g6 Rg2 49. Kf5 Rf2+ 50. Ke6 Re2+ 51. Kf7 1-0

[Event "CRO-ch U19"]
[Site "Sveti Martin "]
[Date "2014.07.27"]
[Round "2"]
[White "Muskardin, Mario"]
[Black "Kolanovic, David"]
[Result "1-0"]
[WhiteElo "2281"]
[BlackElo "1614"]
[PlyCount "49"]
[EventDate "2014.07.26"]
[EventType "swiss"]
[EventRounds "9"]
[EventCountry "CRO"]
[SourceTitle "EXT 2015"]
[Source "ChessBase"]
[SourceDate "2014.11.20"]
[SourceVersion "1"]
[SourceVersionDate "2014.11.20"]
[SourceQuality "1"]

1. e4 d6 2. d4 Nf6 3. Nc3 g6 4. f3 c6 5. Be3 Bg7 6. Qd2 0-0 7. g4 b5 8. h4 b4 9. Nd1 a5 10. h5 Ba6 11. Ne2 e5 12. Bh6 exd4 13. Nxd4 Bxf1 14. Bxg7 c5 15. Bxf8 Qxf8 16. Kxf1 cxd4 17. Qxd4 Nbd7 18. Ne3 Ne5 19. Kg2 Rc8 20. Rac1 Rc6 21. f4 Nexg4 22. Nxg4 Nxg4 23. hxg6 h6 24. Kf3 Qc8 25. Qd5 1-0

[Event "CRO-ch U17"]
[Site "Vukovar"]
[Date "2013.07.25"]
[Round "6"]
[White "Paleka, Danijel"]
[Black "Kolanovic, David"]
[Result "1-0"]
[WhiteElo "1828"]
[BlackElo "1617"]
[PlyCount "75"]
[EventDate "2013.07.22"]
[EventType "swiss"]
[EventRounds "9"]
[EventCountry "CRO"]
[SourceTitle "EXT 2014"]
[Source "ChessBase"]
[SourceDate "2013.11.20"]
[SourceVersion "1"]
[SourceVersionDate "2013.11.20"]
[SourceQuality "1"]

1. d4 d5 2. Nf3 Nf6 3. Bf4 Bf5 4. e3 e6 5. c3 c5 6. Bd3 Bg6 7. Bxb8 Bxd3 8. Qxd3 c4 9. Qc2 Qxb8 10. Nbd2 Bd6 11. e4 Nxe4 12. Nxe4 dxe4 13. Qxe4 0-0 14. Ng5 g6 15. Qh4 h5 16. g4 Kg7 17. gxh5 Rh8 18. Rg1 Qe8 19. Ne4 Be7 20. Qg4 Rh6 21. Qe2 b5 22. hxg6 f5 23. Ng5 Bxg5 24. Rxg5 Rxg6 25. Qe5+ Kh6 26. Rxg6+ Qxg6 27. 0-0-0 a6 28. Qe3+ Kg7 29. f4 Kf7 30. Rg1 Qh6 31. Qe5 Rh8 32. Qc7+ Kf6 33. Qe5+ Kf7 34. d5 exd5 35. Qxd5+ Ke7 36. Re1+ Kf8 37. Qxf5+ Kg8 38. Rg1+ 1-0

[Event "CRO-ch U17"]
[Site "Topusko"]
[Date "2012.07.23"]
[Round "1"]
[White "Kolanovic, David"]
[Black "Monjac, Mislav"]
[Result "0-1"]
[WhiteElo "1614"]
[BlackElo "2093"]
[PlyCount "70"]
[EventDate "2012.??.??"]
[EventType "swiss"]
[EventRounds "9"]
[EventCountry "CRO"]
[SourceTitle "EXT 2013"]
[Source "ChessBase"]
[SourceDate "2012.11.22"]
[SourceVersion "1"]
[SourceVersionDate "2012.11.22"]
[SourceQuality "1"]

1. d4 Nf6 2. c4 e6 3. Nc3 Bb4 4. Qc2 c5 5. dxc5 Bxc5 6. Nf3 Qb6 7. e3 Qc7 8. Be2 a6 9. 0-0 Be7 10. b3 d6 11. Bb2 Nbd7 12. Rfd1 0-0 13. Rac1 b6 14. h3 Bb7 15. Ne1 Rac8 16. Bf3 Rfd8 17. Bxb7 Qxb7 18. Qd2 Nc5 19. Nd3 Ncd7 20. Nf4 h6 21. Qe1 Ne5 22. e4 b5 23. cxb5 axb5 24. a3 b4 25. axb4 Qxb4 26. Nce2 Qxe4 27. Rd4 Rxc1 28. Bxc1 Qb7 29. Rb4 Qc7 30. Qd2 d5 31. Ra4 Ne4 32. Qa5 Qc2 33. Qb5 Nc3 34. Nxc3 Qxc1+ 35. Qf1 Qxc3 0-1

[Event "CRO-chT U20 21st"]
[Site "Topusko"]
[Date "2012.04.05"]
[Round "10.31"]
[White "Kolanovic, David"]
[Black "Ostovic, Matija"]
[Result "0-1"]
[WhiteElo "1675"]
[BlackElo "2304"]
[PlyCount "102"]
[EventDate "2012.04.01"]
[EventType "team-tourn"]
[EventRounds "11"]
[EventCountry "CRO"]
[SourceTitle "EXT 2013"]
[Source "ChessBase"]
[SourceDate "2012.11.22"]
[SourceVersion "1"]
[SourceVersionDate "2012.11.22"]
[SourceQuality "1"]

1. d4 Nf6 2. c4 g6 3. Nc3 Bg7 4. e4 d6 5. f3 0-0 6. Be3 e5 7. dxe5 dxe5 8. Qxd8 Rxd8 9. Nd5 Nxd5 10. cxd5 c6 11. Bc4 cxd5 12. Bxd5 Nc6 13. 0-0-0 Nd4 14. Rd2 Be6 15. Bxe6 Nxe6 16. Ne2 Rac8+ 17. Kb1 Rxd2 18. Bxd2 Rd8 19. Kc2 f5 20. Rd1 b5 21. Bc3 Rc8 22. Kb1 fxe4 23. fxe4 Nd4 24. Nxd4 exd4 25. Bb4 Re8 26. Re1 Be5 27. g3 Re6 28. Kc2 Rf6 29. Re2 Rf3 30. Kd1 d3 31. Rg2 Bg7 32. Bc5 Rf7 33. b4 a6 34. Kd2 Rd7 35. Rf2 Bb2 36. Be3 Kg7 37. Bc5 Rd8 38. Be3 h5 39. h4 Rd7 40. Bc5 Be5 41. Rg2 Kf6 42. Rf2+ Ke6 43. Rg2 Bc7 44. Be3 Ke5 45. Bf4+ Kxe4 46. Rf2 Rf7 47. Rf1 Bxf4+ 48. Rxf4+ Rxf4 49. gxf4 Kd4 50. a3 Ke4 51. Kd1 Kxf4 0-1

[Event "CRO-chT U20 21st"]
[Site "Topusko"]
[Date "2012.04.03"]
[Round "6.51"]
[White "Kolanovic, David"]
[Black "Paleka, Danijel"]
[Result "0-1"]
[WhiteElo "1675"]
[BlackElo "1706"]
[PlyCount "90"]
[EventDate "2012.04.01"]
[EventType "team-tourn"]
[EventRounds "11"]
[EventCountry "CRO"]
[SourceTitle "EXT 2013"]
[Source "ChessBase"]
[SourceDate "2012.11.22"]
[SourceVersion "1"]
[SourceVersionDate "2012.11.22"]
[SourceQuality "1"]

1. d4 Nf6 2. c4 g6 3. Nc3 Bg7 4. e4 d6 5. f3 0-0 6. Be3 e5 7. d5 Nbd7 8. g4 a5 9. h4 h5 10. Bg5 Nc5 11. gxh5 gxh5 12. Qd2 Kh7 13. Nge2 Rh8 14. Rg1 Kg8 15. 0-0-0 Kf8 16. Ng3 Bd7 17. Kb1 Qc8 18. Rh1 Ng8 19. Qh2 Ne7 20. Bxe7+ Kxe7 21. Bh3 Bxh3 22. Qxh3 Qxh3 23. Rxh3 Bf6 24. Nf5+ Kd7 25. Ne2 Rab8 26. Kc2 Rbg8 27. Neg3 Rb8 28. Rb1 Na6 29. a3 a4 30. b4 axb3+ 31. Rxb3 Nc5 32. Rb4 Ra8 33. Kb2 Nd3+ 34. Kb3 Nxb4 35. axb4 Ra1 36. Kb2 Rg1 37. c5 Rg2+ 38. Kb3 Rf2 39. Nh1 Rf1 40. Ne3 Rb1+ 41. Kc3 Ra8 42. Nc2 Ra2 43. Rh2 Rbb2 44. Ng3 Bxh4 45. Nf5 Be1+ 0-1

[Event "CRO-chT U20 21st"]
[Site "Topusko"]
[Date "2012.04.02"]
[Round "4.51"]
[White "Monjac, Mislav"]
[Black "Kolanovic, David"]
[Result "1-0"]
[WhiteElo "2054"]
[BlackElo "1675"]
[PlyCount "55"]
[EventDate "2012.04.01"]
[EventType "team-tourn"]
[EventRounds "11"]
[EventCountry "CRO"]
[SourceTitle "EXT 2013"]
[Source "ChessBase"]
[SourceDate "2012.11.22"]
[SourceVersion "1"]
[SourceVersionDate "2012.11.22"]
[SourceQuality "1"]

1. e4 c5 2. Nf3 e6 3. d3 Nc6 4. g3 d6 5. Bg2 Nge7 6. 0-0 Ng6 7. c3 Be7 8. d4 cxd4 9. cxd4 0-0 10. Nc3 a6 11. Re1 Re8 12. h4 Qc7 13. Be3 Bd7 14. Rc1 Qa5 15. Bd2 Qd8 16. Be3 b5 17. a3 Rc8 18. b4 f5 19. d5 Nce5 20. Nd4 Nf8 21. dxe6 Nxe6 22. Nxf5 Nc4 23. Nd5 Nc7 24. Ndxe7+ Rxe7 25. Nxe7+ Qxe7 26. Bg5 Qe6 27. Bf4 Ne8 28. e5 1-0

[Event "CRO-ch U17"]
[Site "Topusko"]
[Date "2011.07.27"]
[Round "6"]
[White "Kolanovic, David"]
[Black "Rodic, Marjan"]
[Result "1/2-1/2"]
[WhiteElo "1704"]
[BlackElo "1744"]
[PlyCount "37"]
[EventDate "2011.07.24"]
[EventType "swiss"]
[EventRounds "9"]
[EventCountry "CRO"]
[SourceTitle "EXT 2012"]
[Source "ChessBase"]
[SourceDate "2011.11.24"]
[SourceVersion "1"]
[SourceVersionDate "2011.11.24"]
[SourceQuality "1"]

1. d4 d5 2. c4 e6 3. Nc3 Nf6 4. Bg5 Be7 5. e3 0-0 6. Nf3 h6 7. Bh4 c6 8. Bd3 Nbd7 9. 0-0 dxc4 10. Bxc4 b5 11. Bd3 a6 12. Rc1 c5 13. b3 Bb7 14. Bxf6 Bxf6 15. Be4 Bxe4 16. Nxe4 cxd4 17. Nxf6+ Nxf6 18. Qxd4 Qxd4 19. Nxd4 1/2-1/2

[Event "CRO-ch U17"]
[Site "Topusko"]
[Date "2011.07.25"]
[Round "3"]
[White "Kolanovic, David"]
[Black "Bosnjak, Petar"]
[Result "0-1"]
[WhiteElo "1704"]
[BlackElo "1790"]
[PlyCount "58"]
[EventDate "2011.07.24"]
[EventType "swiss"]
[EventRounds "9"]
[EventCountry "CRO"]
[SourceTitle "EXT 2012"]
[Source "ChessBase"]
[SourceDate "2011.11.24"]
[SourceVersion "1"]
[SourceVersionDate "2011.11.24"]
[SourceQuality "1"]

1. d4 Nf6 2. c4 e6 3. Nc3 Bb4 4. Qc2 Nc6 5. Nf3 0-0 6. Bg5 h6 7. Bh4 d6 8. e3 Qe7 9. a3 Bxc3+ 10. Qxc3 e5 11. d5 Nb8 12. e4 Nbd7 13. b4 Re8 14. Bxf6 Nxf6 15. Bd3 Bg4 16. Nd2 Nh5 17. h3 Bd7 18. Bc2 Nf4 19. Qg3 c6 20. Bd1 b5 21. Bb3 bxc4 22. Bxc4 cxd5 23. exd5 Rac8 24. Qf3 Qg5 25. g4 e4 26. Qg3 Nd3+ 27. Bxd3 exd3+ 28. Kf1 Qxd2 29. Qxd6 Rc2 0-1

[Event "CRO-ch U17"]
[Site "Topusko"]
[Date "2011.07.24"]
[Round "1"]
[White "Kolanovic, David"]
[Black "Pejic, Igor"]
[Result "0-1"]
[WhiteElo "1704"]
[BlackElo "2040"]
[PlyCount "84"]
[EventDate "2011.07.24"]
[EventType "swiss"]
[EventRounds "9"]
[EventCountry "CRO"]
[SourceTitle "EXT 2012"]
[Source "ChessBase"]
[SourceDate "2011.11.24"]
[SourceVersion "1"]
[SourceVersionDate "2011.11.24"]
[SourceQuality "1"]

1. d4 d5 2. c4 c6 3. cxd5 cxd5 4. Nc3 Nf6 5. Bf4 Nc6 6. Nf3 Bf5 7. e3 e6 8. Bd3 Bxd3 9. Qxd3 Be7 10. a3 Nd7 11. 0-0 0-0 12. Rac1 Nb6 13. Ne5 Nxe5 14. Bxe5 Nc4 15. Rb1 Rc8 16. Ne2 Qa5 17. Rfd1 Rc6 18. h3 Rfc8 19. Nc3 Nxb2 20. Rxb2 Rxc3 21. Qb5 Qxb5 22. Rxb5 b6 23. a4 Ra3 24. Re1 Rxa4 25. f3 Ra2 26. Kh2 Rcc2 27. Rg1 Bh4 28. Bg3 Bxg3+ 29. Kxg3 Kf8 30. Rb3 Rab2 31. Rxb2 Rxb2 32. Rc1 a5 33. e4 a4 34. Ra1 b5 35. Kf4 f6 36. g4 g5+ 37. Ke3 Rb3+ 38. Ke2 a3 39. Kd2 b4 40. Kc2 Rxf3 41. Rb1 a2 42. Ra1 dxe4 0-1